| 000 | 01286cam a2200361 a 4500 | ||
|---|---|---|---|
| 001 | 16154834 | ||
| 005 | 20201128021143.0 | ||
| 008 | 100325s2011 xxkadk frb 001 0 eng d | ||
| 010 | _a2010012495 | ||
| 020 | _a9780415573351 (hbk) | ||
| 020 | _a0415573351 (hbk) | ||
| 020 | _a9780415573368 (pbk) | ||
| 020 | _a041557336X (pbk) | ||
| 020 | _a9780203842423 (ebk) | ||
| 020 | _a0203842421 (ebk) | ||
| 040 |
_aDLC _cDLC _dYDX _dYDXCP _dDLC _dEG-ScBUE |
||
| 082 | 0 | 0 |
_a332 _222 _bBAN |
| 100 | 1 |
_aBanks, Erik _936887 |
|
| 245 | 1 | 0 |
_aFinance : _bthe basics / _cErik Banks. |
| 250 | _a2nd ed. | ||
| 260 |
_aOxon, United Kingdom ; _aNew York,United States : _bRoutledge, _c2011. |
||
| 300 |
_axviii, 274 p. : _bcharts, forms, tables ; _c21 cm. |
||
| 490 | 1 | _aThe basics | |
| 500 | _aIncludes appendixes. | ||
| 500 | _aIndex : p. 270-274. | ||
| 504 | _aBibliography : p. 266-269. | ||
| 505 | 0 | _aThe world of finance-The financial statements-Financial concepts and tools-Common and preferred stock-Loans and bonds-Investment funds-Derivatives and insurance-Corporate finance-Financial participants-The global financial markets. | |
| 650 | 0 |
_aFinance _91509 |
|
| 653 |
_bBUSADM _cDecember2014 |
||
| 655 |
_vreading book _934232 |
||
| 830 | 4 |
_aBasics _93580 |
|
| 942 |
_2ddc _k332 BAN |
||
| 999 |
_c18761 _d18733 |
||